000 01472nkm a2200373 c 4500
999 _c210601
_d210601
003 BLK
005 20200428142834.0
008 180412b bul rap|r|||| r0| ||bulo|
010 _aKNG00167810000
040 _aBLK
041 _aITA
_cDRU
080 _aЖивопис - художници
_b75.071.1
_x(45)(092)
_z75.071.1(45)(092)
080 _aИталиански архитект, изобретател, инженер, скулптор и художник от епохата на Ренесанса
_b929 Леонардо да Винчи
_z929 Леонардо да Винчи
139 _aRosci, Marco
_bL 55
_gЛ 46 М
245 1 0 _aLeonardo
_ctesto Marco Rosci; Леонардо да Винчи.
257 _aITA
260 _bArnoldo Mondadori
_c1976
300 _a192 p.
_bill.
_c34 cm
380 _a7
500 _aИменен показалец.
600 1 4 _aЛеонардо да Винчи
_9364024
650 4 _aХудожници, италиански - албуми
_9303847
651 4 _aИталия
_9178965
653 _aхудожници
653 _aЛеонардо да Винчи
653 _aРенесанс
700 1 _aRosci, Marco
_etesto
_922722
700 1 _aЛеонардо да Винчи
_9364024
852 _aЦб Гр А ІІ 2979
856 4 _qpdf
_u
856 4 _qpdf
_u
942 _cGRA
_n0
_s1
944 _aCR
_c27.11.2014
_l27.11.2014 - от С1,Р / 27.11.2014
_kКамелия_Данева
944 _aED
_c27.11.2014
_l27.11.2014 - от С1,Р / 27.11.2014
999 _d210601